01382nam a2200361 i 4500001000300000003000900003005001700012008004100029015001700070020002200087020001500109040000800124041000800132080002800140100004300168245010300211250001200314260005500326300003300381490004100414504002200455521009200477650003600569655003000605700003400635700002400669830004200693856009800735856009600833942001200929999001700941952006200958bgKOSZ 00520210908145426.0 s pl f |000 0 pol  aPB 7311/2003 a8320428165 (t. 1) a8320428157 cBPK0 apol a620.17:539.3/.6](075.8)1 aDyląg, Zdzisławd(1923-2015)eAutor10aWytrzymałość materiałów.nT. 1 /cZdzisław Dyląg, Antoni Jakubowicz, Zbigniew Orłoś. aWyd. 3. aWarszawa :bWydawnictwa Naukowo-Techniczne,c2003. a539, [1] s. :bil. ;c24 cm.1 aPodręczniki Akademickie. Mechanika aBibliogr. Indeks. aDla studentów wyższych uczelni tech., zwłaszcza wydz. mechanicznych i budowlanych. 9aWytrzymałość materiałów aPodręczniki akademickie1 aJakubowicz, Antonid(?-1999).1 aOrłoś, Zbigniew. 0aPodręczniki Akademickie.pMechanika uhttp://koha.tu.koszalin.pl/cgi-bin/koha/opac-detail.pl?biblionumber=46073yKatalog online BPK uhttp://libra.ibuk.pl/reader/wytrzymalosc-materialow-tom-1-zdzislaw-dylag-antoni-71356yIBUK cKS2UKD c46073d46073 00104071aBPKbBPKcco75675p02252919t539.3/.6 WmyKS